| 000 | 00569nam a22001937a 4500 | ||
|---|---|---|---|
| 003 | OSt | ||
| 005 | 20160808173749.0 | ||
| 008 | 160808b xxu||||| |||| 00| 0 eng d | ||
| 020 | _a0412336804 | ||
| 040 | _c040a | ||
| 082 |
_aWB 100 _bR211 1989 |
||
| 245 |
_aRaynaud's a guide for health professionals / _cStuart Roath |
||
| 260 |
_aLondon _bChapman and Hall _c1989 |
||
| 300 |
_ax, 137p; _bcol.ill : _c13 cm. |
||
| 504 | _aIncludes bibliographical references and index | ||
| 650 |
_aHealth professionals _910576 |
||
| 700 |
_aRoath, Stuart _910577 |
||
| 942 |
_2z _cO_SHELF |
||
| 999 |
_c4933 _d4933 |
||